Statistics for Every Town In Greenland

Click here to take the quiz!

General Stats

  • This quiz has been taken 19 times
  • The average score is 7 of 52

Answer Stats

TownPopulation% Correct
Nuuk18,326
100%
Qaqortoq3050
40%
Aasiaat3069
33%
Ilulissat4670
33%
Sisimiut5582
33%
Upernavik1092
27%
Illoqqortoormiut345
20%
Kangerlussuaq508
20%
Nanortalik1185
20%
Paamiut1308
20%
Tasiilaq1985
20%
Alluitsup Paa202
13%
Kulusuk241
13%
Maniitsoq2534
13%
Narsaq1346
13%
Qaanaaq646
13%
Qasigiannguit1081
13%
Uummannaq1407
13%
Aappilattoq100
7%
Aappilattoq149
7%
Akunnaaq66
7%
Arsuk73
7%
Atammik196
7%
Attu203
7%
Ikamiut86
7%
Ikerasaarsuk90
7%
Ikerasak233
7%
Illorsuit0
7%
Innaarsuit180
7%
Itilleq89
7%
Kangaamiut293
7%
Kangaatsiaq520
7%
Kangersuatsiaq130
7%
Kullorsuaq453
7%
Kuummiut248
7%
Narsarsuaq123
7%
Niaqornaarsuk249
7%
Nuugaatsiaq0
7%
Nuussuaq181
7%
Pituffik62
7%
Qaarsut174
7%
Qeqertaq114
7%
Qeqertarsuaq839
7%
Qeqertarsuatsiaat169
7%
Saattut226
7%
Saqqaq132
7%
Sarfannguit96
7%
Sermiligaaq209
7%
Tasiusaq252
7%
Ukkusissat154
7%
Upernavik Kujalleq201
7%
Tiniteqilaaq96
0%

Score Distribution

Percentile by Number Answered

Percent of People with Each Score

Your Score History

You have not taken this quiz